| 000 | 00706nam a2200229Ia 4500 | ||
|---|---|---|---|
| 008 | 220204s9999 xx 000 0 und d | ||
| 082 |
_aNR:0581991 _bBLU |
||
| 245 | 0 | _aBlue book 1991: Materials, compounding indgredients, machinery and services for rubber | |
| 260 |
_aOhio _bRubber World _c1991 |
||
| 650 | _aRubber accelerators | ||
| 650 | _aRubber activators | ||
| 650 | _aRubber adhesives | ||
| 650 | _aRubber antioxidants | ||
| 650 | _aRubber blowing agents | ||
| 650 | _aRubber compounding materials | ||
| 650 | _aRubber fillers | ||
| 650 | _aRubber latex compounding materials | ||
| 650 | _aRubber peptizers | ||
| 650 | _aRubber solvents | ||
| 650 | _aSynthetic Rubbers | ||
| 942 | _cBK | ||
| 999 |
_c40340 _d40340 |
||